[Event "Deutsche Ländermeisterschaft 2013"]
[Site "Hannover GER"]
[Date "2013.10.06"]
[Round "7"]
[White "Carow, Johannes"]
[Black "Noe, Christopher"]
[Result "1-0"]
[Termination "normal"]
[Board "1.1"]
[WhiteTitle "18"]
[BlackTitle "18"]
[WhiteElo "2355"]
[BlackElo "2255"]
[WhiteTeam "Rheinland-Pfalz"]
[BlackTeam "Baden"]
[WhiteFideId "24692050"]
[BlackFideId "24692018"]
[EventCountry "GER"]
[EventRounds "7"]
[EventType "team-swiss"]
[EventDate "2013.10.02"]

1. d4 d5 2. c4 dxc4 3. Nf3 c5 4. e3 cxd4 5. exd4 e6 6. Bxc4 Nf6 7. O-O Be7 8.
Nc3 Qc7 9. Bb3 O-O 10. Bg5 Nc6 11. Qe2 a6 12. Rfd1 Rd8 13. d5 exd5 14. Bxf6
Bxf6 15. Nxd5 Qa5 16. Nxf6+ gxf6 17. Rxd8+ Qxd8 18. Rd1 Qc7 19. Qe4 Kg7 20. Bc2
f5 21. Qh4 h6 22. Qh5 Ne7 23. Bb3 Be6 24. Bxe6 fxe6 25. Re1 Qd6 26. Ne5 Rf8 27.
Qf3 Qd5 28. Qc3 Kh7 29. Qc7 Rg8 30. Qxe7+ Rg7 31. Ng4 fxg4 32. Qxe6 Qxe6 33.
Rxe6 Rc7 34. g3 Kg7 35. Rb6 Rf7 36. Kg2 Kh7 37. Kf1 Re7 38. Kg1 h5 39. Kg2 Rf7
40. Kf1 Re7 41. a3 Kg7 42. b3 Kh7 43. Kg2 Rc7 44. h3 Rf7 45. hxg4 hxg4 46. Kf1
Re7 47. a4 Rc7 48. Ke2 Re7+ 49. Kd3 Rf7 50. Ke3 Rf3+ 51. Ke2 Rf7 52. Rb4 Rg7
53. Ke3 Kh6 54. Re4 Kg5 55. Re5+ Kf6 56. Kf4 Rd7 57. Rf5+ Kg6 58. Kxg4 Rd3 59.
Rf3 1-0

[Event "Deutsche Ländermeisterschaft 2013"]
[Site "Hannover GER"]
[Date "2013.10.06"]
[Round "7"]
[White "Becker, Matthias"]
[Black "Yankelevich, Lev"]
[Result "1/2-1/2"]
[Termination "normal"]
[Board "1.2"]
[WhiteTitle "18"]
[BlackTitle "16"]
[WhiteElo "2152"]
[BlackElo "2197"]
[WhiteTeam "Baden"]
[BlackTeam "Rheinland-Pfalz"]
[WhiteFideId "12915564"]
[BlackFideId "24684074"]
[EventCountry "GER"]
[EventRounds "7"]
[EventType "team-swiss"]
[EventDate "2013.10.02"]

1. Nf3 c5 2. e4 e6 3. d4 cxd4 4. Nxd4 a6 5. c4 Nf6 6. Nc3 Qc7 7. Bd3 d6 8. O-O
g6 9. Be3 Bg7 10. Rc1 Nbd7 11. f3 O-O 12. b3 b6 13. Qd2 Re8 14. Rfd1 Bb7 15.
Bf1 Rad8 16. Qf2 Qb8 17. Nde2 Ba8 18. Nf4 Bc6 19. b4 Ne5 20. h3 Nfd7 21. a4 Ba8
22. Qd2 Bf8 23. Qa2 Rc8 24. a5 bxa5 25. bxa5 Qc7 26. Nb1 Nc5 27. Nd3 Nc6 28.
Nxc5 dxc5 29. Nc3 Bg7 30. Bxc5 Bxc3 31. Rxc3 Qe5 32. Qa3 Red8 33. Rcd3 Rxd3 34.
Rxd3 Qg5 35. Bb6 Ne5 36. Rd1 f5 37. Qe3 Qxe3+ 38. Bxe3 fxe4 39. fxe4 Bxe4 40.
c5 Bd5 41. Rb1 Bc4 42. Rb6 Bxf1 43. Rxe6 Nc4 44. Kxf1 Nxe3+ 45. Rxe3 Rxc5 46.
Ra3 Kf7 47. Kf2 Ke6 48. Kf3 h5 49. h4 Kf5 50. g3 Rb5 51. Ra4 g5 52. hxg5 Kxg5
53. Kg2 Rf5 54. Kh3 Rd5 55. Ra3 Rc5 56. Ra4 Rb5 57. Ra3 1/2-1/2

[Event "Deutsche Ländermeisterschaft 2013"]
[Site "Hannover GER"]
[Date "2013.10.06"]
[Round "7"]
[White "Stahnecker, Ludwig"]
[Black "Ruff, Maximilian"]
[Result "1-0"]
[Termination "normal"]
[Board "1.3"]
[WhiteTitle "18"]
[BlackTitle "16"]
[WhiteElo "2141"]
[BlackElo "2094"]
[WhiteTeam "Rheinland-Pfalz"]
[BlackTeam "Baden"]
[WhiteFideId "24692026"]
[BlackFideId "1271670"]
[EventCountry "GER"]
[EventRounds "7"]
[EventType "team-swiss"]
[EventDate "2013.10.02"]

1. Nf3 Nf6 2. g3 g6 3. Bg2 Bg7 4. d3 O-O 5. e4 d6 6. c3 e5 7. h3 h6 8. Be3 Re8
9. Nbd2 c6 10. Qc2 Be6 11. d4 Qc7 12. c4 c5 13. d5 Bc8 14. O-O Nh5 15. Nh4 Kh7
16. Kh2 Bf6 17. Ndf3 Nd7 18. Qd2 Bg7 19. Ng1 Rb8 20. Ne2 b5 21. cxb5 Rxb5 22.
Nc3 Rb4 23. Bf3 Nhf6 24. a3 Rb3 25. Bd1 Rxc3 26. Qxc3 Nxe4 27. Qc2 f5 28. g4
Qd8 29. Nxg6 Ndf6 30. Nh4 Nxg4+ 31. hxg4 Qxh4+ 32. Kg2 Bb7 33. Rh1 Qe7 34. Bf3
Bxd5 35. gxf5 Qb7 36. f6 Bxf6 37. Rxh6+ Kg7 38. Rd1 Bc6 39. Rxd6 Rg8 40. Rxc6
Qxc6 41. Bxe4 Kf7+ 42. Kh2 1-0

[Event "Deutsche Ländermeisterschaft 2013"]
[Site "Hannover GER"]
[Date "2013.10.06"]
[Round "7"]
[White "Riehle, Marco"]
[Black "Perske, Thore"]
[Result "0-1"]
[Termination "normal"]
[Board "1.4"]
[WhiteTitle "14"]
[BlackTitle "14"]
[WhiteElo "1847"]
[BlackElo "2150"]
[WhiteTeam "Baden"]
[BlackTeam "Rheinland-Pfalz"]
[WhiteFideId "12904392"]
[BlackFideId "12902195"]
[EventCountry "GER"]
[EventRounds "7"]
[EventType "team-swiss"]
[EventDate "2013.10.02"]

1. e4 c5 2. Nf3 d6 3. d4 cxd4 4. Nxd4 Nf6 5. f3 e5 6. Nb3 Be6 7. c4 a5 8. Be3
Be7 9. Nc3 O-O 10. Be2 a4 11. Nd2 a3 12. b3 Nc6 13. O-O Nd7 14. Ndb1 Nd4 15.
Bxd4 exd4 16. Qxd4 d5 17. Qd2 dxc4 18. bxc4 Qb6+ 19. Kh1 Qb2 20. Qd3 Nc5 21.
Qe3 Qxa1 22. Nd2 Qb2 23. Rb1 Bg5 24. Qxg5 Qxc3 25. Nf1 Qc2 26. Re1 Nd3 27. Bxd3
Qxd3 28. Ng3 h6 29. Qe5 Qd2 30. Rf1 Ra5 0-1

[Event "Deutsche Ländermeisterschaft 2013"]
[Site "Hannover GER"]
[Date "2013.10.06"]
[Round "7"]
[White "Carow, Annelen"]
[Black "Steimbach, Isabel"]
[Result "1-0"]
[Termination "normal"]
[Board "1.5"]
[WhiteTitle "20w"]
[BlackTitle "18w"]
[WhiteElo "1997"]
[BlackElo "1778"]
[WhiteTeam "Rheinland-Pfalz"]
[BlackTeam "Baden"]
[WhiteFideId "24692492"]
[BlackFideId "24692174"]
[EventCountry "GER"]
[EventRounds "7"]
[EventType "team-swiss"]
[EventDate "2013.10.02"]

1. d4 d5 2. c4 e6 3. Nc3 Nf6 4. cxd5 exd5 5. Bg5 Be7 6. e3 O-O 7. Bd3 h6 8. Bh4
b6 9. Nf3 Bb7 10. O-O Na6 11. Qa4 Nb8 12. Rad1 Ne4 13. Bxe7 Qxe7 14. Ne5 c5 15.
Rfe1 Rd8 16. Qc2 Nf6 17. Bf5 Nc6 18. Nxc6 Bxc6 19. dxc5 bxc5 20. Bd3 Ng4 21.
Rc1 Qe5 22. f4 Qh5 23. h3 Nf6 24. Be2 Qh4 25. Bf3 Rac8 26. Red1 d4 27. Bxc6
Rxc6 28. Ne2 Rdc8 29. exd4 cxd4 30. Qd2 Ne4 31. Qxd4 Rxc1 32. Nxc1 Qxf4 33. Ne2
Qf5 34. Rf1 Qe6 35. Nf4 Qb6 36. Qxb6 axb6 37. Re1 Nf6 38. Kf2 Kf8 39. Re2 Rd8
40. Rc2 Ke8 41. Ke2 Rd4 42. Nd3 Re4+ 43. Kd2 Kd7 44. a3 Nd5 45. Nf2 Re6 46. Nd1
Nf4 47. Ne3 Rg6 48. Ke1 Nd3+ 49. Ke2 Nf4+ 50. Kf3 Ne6 51. Rd2+ Kc6 52. Ng4 Ng5+
53. Kf4 Ne6+ 54. Kf3 Rg5 55. Ne3 Rc5 56. Ke4 Ng5+ 57. Kd3 g6 58. b4 Re5 59. a4
Ne6 60. Rc2+ Kb7 61. Rc4 h5 62. Re4 Rg5 63. Kc4 Ka6 64. g4 hxg4 65. hxg4 Nc7
66. Re7 b5+ 67. Kb3 bxa4+ 68. Kxa4 Nd5 69. Nxd5 Rxd5 70. Rxf7 Rg5 71. Rf4 Kb6
72. Rc4 Re5 73. Rf4 Rg5 74. Re4 Ka6 75. Kb3 Kb5 76. Kc3 Kb6 77. Kd3 Kb5 78. Ke3
Rd5 79. Kf4 g5+ 80. Ke3 Rd1 81. Re5+ Kxb4 82. Rxg5 Rf1 83. Kd4 Re1 84. Rg8 Kb5
85. Rf8 Kc6 86. Rf4 Kd7 87. Kd5 Rd1+ 88. Ke5 Ke7 89. Rf5 Re1+ 90. Kd4 Rd1+ 91.
Ke3 Re1+ 92. Kf2 Ra1 93. Kg3 Ra6 94. Kh4 Rf6 95. Rxf6 Kxf6 96. Kh5 Kf7 97. Kh6
1-0

[Event "Deutsche Ländermeisterschaft 2013"]
[Site "Hannover GER"]
[Date "2013.10.06"]
[Round "7"]
[White "Wiesner, Paula"]
[Black "Schwarz, Larissa"]
[Result "1-0"]
[Termination "normal"]
[Board "1.6"]
[WhiteTitle "14w"]
[BlackTitle "16w"]
[WhiteElo "1855"]
[BlackElo "1930"]
[WhiteTeam "Baden"]
[BlackTeam "Rheinland-Pfalz"]
[WhiteFideId "24654019"]
[BlackFideId "24699004"]
[EventCountry "GER"]
[EventRounds "7"]
[EventType "team-swiss"]
[EventDate "2013.10.02"]

1. e4 c5 2. c3 Nf6 3. e5 Nd5 4. d4 cxd4 5. Nf3 Nc6 6. Bc4 e6 7. cxd4 d6 8. O-O
Be7 9. Qe2 O-O 10. Rd1 Qc7 11. Nbd2 dxe5 12. Bxd5 exd5 13. dxe5 Bg4 14. Nb3
Nxe5 15. Nbd4 Rfe8 16. Be3 a6 17. Rac1 Qd6 18. h3 Bh5 19. g4 Bg6 20. Bf4 Nxf3+
21. Qxf3 Qb4 22. Qc3 Qxc3 23. Rxc3 Rac8 24. Rdc1 Rxc3 25. Rxc3 Bf6 26. Be3 h6
27. Rc5 Bb1 28. a3 Ba2 29. Rc2 Re4 30. Rd2 h5 31. gxh5 Rh4 32. Kg2 Rxh5 33. f4
g5 34. fxg5 Bxg5 35. Bxg5 Rxg5+ 36. Kf3 Bb1 37. h4 Be4+ 38. Kf4 Rg2 39. Rxg2+
Bxg2 40. Kg5 Be4 41. Kf6 Kf8 42. b4 Ke8 43. Nb3 Kd7 44. Kxf7 Kd6 45. Kf6 b6 46.
Nd4 Bh7 47. h5 a5 48. h6 a4 49. Nb5+ Kc6 50. Nd4+ Kd6 51. Nf3 Kc6 52. Ke5 Bg6
53. Ng5 1-0

[Event "Deutsche Ländermeisterschaft 2013"]
[Site "Hannover GER"]
[Date "2013.10.06"]
[Round "7"]
[White "Muckle, Julius"]
[Black "Wiesner, Alexander"]
[Result "0-1"]
[Termination "normal"]
[Board "1.7"]
[WhiteTitle "12"]
[BlackTitle "12"]
[WhiteElo "1829"]
[BlackElo "1649"]
[WhiteTeam "Rheinland-Pfalz"]
[BlackTeam "Baden"]
[WhiteFideId "12942430"]
[BlackFideId "12943991"]
[EventCountry "GER"]
[EventRounds "7"]
[EventType "team-swiss"]
[EventDate "2013.10.02"]

1. d4 b6 2. c4 f5 3. Nc3 Nf6 4. g3 Bb7 5. Nf3 e6 6. Bg2 Bb4 7. Bd2 Bxc3 8. Bxc3
O-O 9. b3 d6 10. O-O Nbd7 11. Bb2 Rb8 12. Re1 Ne4 13. Nd2 Nxd2 14. Bxb7 Nxc4
15. Bg2 Nxb2 16. Qc2 Na4 17. bxa4 c5 18. e4 f4 19. Qb3 Qe7 20. Bh3 Rbe8 21. Qb5
fxg3 22. hxg3 cxd4 23. Rad1 Ne5 24. Bg2 Qf6 25. Qb2 d3 26. Kf1 Qg5 27. Kg1 Rc8
28. f4 Qxg3 29. Qf2 Qxf2+ 30. Kxf2 Rxf4+ 31. Kg3 Rff8 32. Rd2 Rc3 33. Re3 Rfc8
34. Bh3 Kf7 35. a5 Rc2 36. Rd1 Rc1 37. Rd2 R8c2 38. axb6 Rxd2 39. bxa7 Rxa2 0-1

[Event "Deutsche Ländermeisterschaft 2013"]
[Site "Hannover GER"]
[Date "2013.10.06"]
[Round "7"]
[White "Lohrmann, Tabea"]
[Black "Sanati, Charlotte"]
[Result "1/2-1/2"]
[Termination "normal"]
[Board "1.8"]
[WhiteTitle "12w"]
[BlackTitle "12w"]
[WhiteElo "1547"]
[BlackElo "1704"]
[WhiteTeam "Baden"]
[BlackTeam "Rheinland-Pfalz"]
[WhiteFideId "12911941"]
[BlackFideId "12907707"]
[EventCountry "GER"]
[EventRounds "7"]
[EventType "team-swiss"]
[EventDate "2013.10.02"]

1. e4 c5 2. Nf3 d6 3. d4 cxd4 4. Nxd4 Nf6 5. Nc3 a6 6. f3 e5 7. Nb3 Be6 8. Be3
Nbd7 9. Qd2 Be7 10. O-O-O Rc8 11. Kb1 b5 12. g4 Nb6 13. h4 b4 14. Nd5 Nbxd5 15.
exd5 Bxd5 16. g5 Bxb3 17. axb3 Nd7 18. Qxb4 a5 19. Qe1 Qc7 20. Rd2 Rb8 21. Bg2
Nb6 22. f4 exf4 23. Bxf4 O-O 24. h5 a4 25. Qg3 axb3 26. cxb3 Qc5 27. Be4 Nd7
28. g6 f5 29. Bd5+ Kh8 30. h6 Rf6 31. gxh7 g6 32. Bg5 Kxh7 33. Bxf6 Nxf6 34.
Bf7 Ng4 35. Rc2 Qa5 36. Qc3 Qxc3 37. bxc3 Bg5 38. b4 Bxh6 39. Re2 Rb7 40. Bd5
Rc7 41. c4 Kg7 42. b5 Be3 43. Rhe1 Bc5 44. Re7+ Rxe7 45. Rxe7+ Kf6 46. Rb7 Ne3
47. b6 Nxd5 48. cxd5 Ke5 49. Rb8 Kxd5 50. b7 Kc6 51. Rg8 Kxb7 52. Rxg6 f4 53.
Rf6 Be3 54. Rxd6 Kc7 55. Rf6 1/2-1/2

[Event "Deutsche Ländermeisterschaft 2013"]
[Site "Hannover GER"]
[Date "2013.10.06"]
[Round "7"]
[White "Kuckling, Hannah"]
[Black "Mons, Leon"]
[Result "0-1"]
[Termination "normal"]
[Board "2.1"]
[WhiteTitle "18w"]
[BlackTitle "18"]
[WhiteElo "1953"]
[BlackElo "2439"]
[WhiteTeam "Nordrhein-Westfalen"]
[BlackTeam "Bayern"]
[WhiteFideId "24603660"]
[BlackFideId "4614950"]
[EventCountry "GER"]
[EventRounds "7"]
[EventType "team-swiss"]
[EventDate "2013.10.02"]

1. e4 e5 2. Nf3 Nc6 3. Bb5 a6 4. Ba4 Nf6 5. O-O Be7 6. Re1 b5 7. Bb3 d6 8. c3
O-O 9. d4 Bg4 10. Be3 Bh5 11. Nbd2 d5 12. exd5 Nxd5 13. dxe5 Nxe5 14. Bd4 Nc6
15. Ne4 Nf4 16. Ng3 Bg6 17. Qd2 Nxd4 18. Nxd4 Bg5 19. Qd1 Nd3 20. Re2 c5 21.
Nc6 Qb6 22. Ne5 Nxe5 23. Rxe5 Rad8 24. Qg4 Bf6 25. Ree1 c4 26. Bd1 Rd2 27. Re2
Rfd8 28. Nf1 h5 29. Qf3 R2d3 30. Re3 b4 31. Be2 bxc3 32. bxc3 Qb2 33. Bxd3 cxd3
34. Rd1 Qc2 35. Nd2 Bg5 36. Nf1 Bxe3 37. Nxe3 Qxc3 38. Nd5 Qe5 39. Nf4 d2 40.
Kf1 Bc2 41. g3 Qb5+ 42. Kg2 Bxd1 43. Qxd1 Qc6+ 0-1

[Event "Deutsche Ländermeisterschaft 2013"]
[Site "Hannover GER"]
[Date "2013.10.06"]
[Round "7"]
[White "Berchtenbreiter, Maximilian"]
[Black "Schröder, Kevin"]
[Result "1/2-1/2"]
[Termination "normal"]
[Board "2.2"]
[WhiteTitle "20"]
[BlackTitle "14"]
[WhiteElo "2405"]
[BlackElo "2063"]
[WhiteTeam "Bayern"]
[BlackTeam "Nordrhein-Westfalen"]
[WhiteFideId "24641120"]
[BlackFideId "12929840"]
[EventCountry "GER"]
[EventRounds "7"]
[EventType "team-swiss"]
[EventDate "2013.10.02"]

1. b3 Nf6 2. Bb2 g6 3. Bxf6 exf6 4. c4 Bg7 5. Nc3 f5 6. g3 O-O 7. Bg2 c6 8. e3
Na6 9. Nge2 Nc7 10. O-O d5 11. d4 a6 12. cxd5 Nxd5 13. Nxd5 cxd5 14. Nf4 Be6
15. Qf3 g5 16. Nd3 Qd6 17. Rfc1 Rfc8 18. Qe2 b6 19. Qd2 h6 20. a4 a5 21. b4
Rxc1+ 22. Rxc1 axb4 23. Qxb4 Qxb4 24. Nxb4 Ra5 25. Nc6 Rxa4 26. Bxd5 f4 27. Rb1
fxe3 28. fxe3 Ra3 29. Kf2 Rc3 30. Be4 Rb3 31. Ra1 Rb2+ 32. Kg1 Ra2 33. Rxa2
Bxa2 34. Bd5 Bb1 35. Ne7+ Kf8 36. Nc8 b5 37. Na7 Bd3 38. Nc6 Bf6 39. Kf2 Ke8
40. Nb4 Bf5 41. Bc6+ Bd7 42. Ke2 Bxc6 43. Nxc6 Kd7 44. Na7 b4 45. Kd3 Kc7 46.
Kc4 Kb6 47. Nb5 Be7 48. g4 Bf8 49. d5 Ka5 50. d6 b3 51. d7 Be7 52. Nc3 b2 53.
Kb3 Kb6 54. Kxb2 Kc6 55. Kc2 Kxd7 56. Kd3 Ke6 57. Ke4 Bd6 58. h3 Bf8 59. Nb5
Bc5 60. Nd4+ Kf6 61. Kd5 Ba3 62. Nb5 Bf8 63. Nd6 Be7 64. Nc8 Ba3 65. Nb6 Kg6
66. e4 h5 67. Nc4 hxg4 68. hxg4 Be7 69. Kc6 Bf8 70. Kd7 Bb4 71. Ne5+ Kg7 72.
Ke8 f6 73. Nc6 Ba3 74. Ne7 Bb4 75. Kd7 Kf7 76. Nf5 Ba3 77. Nd6+ Kg6 78. Ke6 Bb4
79. Nb5 Bc5 80. Nc7 Ba3 81. Nd5 Bb2 82. Ke7 Ba3+ 83. Ke8 Bc5 84. Nc7 Bb4 85.
Kd7 Ba3 86. Ke6 Bb2 87. Na6 Ba3 88. Nb8 Bb4 89. Nd7 Bc3 90. Ke7 Bb4+ 91. Ke8
Ba3 92. Nb6 Bb4 93. Kd7 Kf7 94. Nc8 Ba3 95. Nd6+ Kg6 96. Ke6 Bb2 97. Nf7 Bc3
98. Nd6 Bb4 99. Nc4 Bc3 100. e5 fxe5 101. Nxe5+ Bxe5 102. Kxe5 Kg7 103. Ke6 Kg6
104. Ke7 Kg7 105. Ke6 Kg6 106. Ke5 Kg7 107. Kf5 Kf7 108. Kxg5 Kg7 109. Kf5 Kf7
110. g5 Kg7 111. g6 Kg8 112. Kg5 Kg7 113. Kh5 Kg8 114. Kh6 Kh8 115. g7+ Kg8
116. Kg6 1/2-1/2

[Event "Deutsche Ländermeisterschaft 2013"]
[Site "Hannover GER"]
[Date "2013.10.06"]
[Round "7"]
[White "Meyers, Mark"]
[Black "Ott, Florian"]
[Result "1-0"]
[Termination "normal"]
[Board "2.3"]
[WhiteTitle "16"]
[BlackTitle "16"]
[WhiteElo "1916"]
[BlackElo "2086"]
[WhiteTeam "Nordrhein-Westfalen"]
[BlackTeam "Bayern"]
[WhiteFideId "12927716"]
[BlackFideId "12900281"]
[EventCountry "GER"]
[EventRounds "7"]
[EventType "team-swiss"]
[EventDate "2013.10.02"]

1. c4 e5 2. g3 Nc6 3. Bg2 g6 4. Nc3 Bg7 5. Nf3 d6 6. O-O Nf6 7. d4 exd4 8. Nxd4
Bd7 9. b3 O-O 10. Bb2 Re8 11. e3 Nxd4 12. exd4 Bc6 13. d5 Bd7 14. Qd2 Bf5 15.
Rfe1 a6 16. Rxe8+ Qxe8 17. Re1 Qd7 18. Nd1 Re8 19. Ne3 Ne4 20. Bxe4 Bxe4 21.
Bxg7 Kxg7 22. Qe2 Re5 23. Ng4 1-0

[Event "Deutsche Ländermeisterschaft 2013"]
[Site "Hannover GER"]
[Date "2013.10.06"]
[Round "7"]
[White "Gretz, Denis"]
[Black "Sabirov, Ramil"]
[Result "0-1"]
[Termination "normal"]
[Board "2.4"]
[WhiteTitle "14"]
[BlackTitle "16"]
[WhiteElo "1922"]
[BlackElo "1887"]
[WhiteTeam "Bayern"]
[BlackTeam "Nordrhein-Westfalen"]
[WhiteFideId "12945188"]
[BlackFideId "12900303"]
[EventCountry "GER"]
[EventRounds "7"]
[EventType "team-swiss"]
[EventDate "2013.10.02"]

1. e4 c5 2. d4 cxd4 3. c3 dxc3 4. Nxc3 a6 5. Bc4 d6 6. Nf3 e6 7. O-O b5 8. Bb3
Nf6 9. Qe2 Nbd7 10. Rd1 Bb7 11. Bf4 b4 12. Nd5 exd5 13. exd5+ Be7 14. Bxd6 Kf8
15. Bg3 Bc5 16. Ng5 h6 17. Nxf7 Kxf7 18. d6+ Kf8 19. Qc4 Qe8 20. Re1 Qh5 21.
Rad1 Rc8 22. Qd3 Re8 23. Re7 Rxe7 24. dxe7+ Kxe7 25. Bd6+ Kd8 26. Bxc5 Qxc5 27.
Qg3 Re8 0-1

[Event "Deutsche Ländermeisterschaft 2013"]
[Site "Hannover GER"]
[Date "2013.10.06"]
[Round "7"]
[White "Flüchter, Gregor"]
[Black "Berger, Nadja"]
[Result "1-0"]
[Termination "normal"]
[Board "2.5"]
[WhiteTitle "14"]
[BlackTitle "18w"]
[WhiteElo "2021"]
[BlackElo "1780"]
[WhiteTeam "Nordrhein-Westfalen"]
[BlackTeam "Bayern"]
[WhiteFideId "12903396"]
[BlackFideId "24692212"]
[EventCountry "GER"]
[EventRounds "7"]
[EventType "team-swiss"]
[EventDate "2013.10.02"]

1. e4 e6 2. d4 d5 3. exd5 exd5 4. Nf3 Nc6 5. Bb5 Bd6 6. O-O Nge7 7. c4 dxc4 8.
Bxc4 Bf5 9. Nc3 a6 10. Re1 Qd7 11. a3 f6 12. Nh4 Bg6 13. Be6 Qd8 14. Nxg6 hxg6
15. g3 Kf8 16. Qg4 Qe8 17. Ba2 Qc8 18. Be6 Qe8 19. Be3 Nd8 20. Ba2 Qc6 21. Rac1
Qe8 22. Bf4 Bxf4 23. Qxf4 Qd7 24. Ne4 Nd5 25. Bxd5 Qxd5 26. Qxc7 Ne6 27. Qd6+
Qxd6 28. Nxd6 Nxd4 29. Kg2 Rh5 30. Nxb7 Rb5 31. Rc7 Rxb2 32. Nc5 Nb5 33. Ne6+
Kg8 34. Rxg7+ Kh8 35. Rxg6 f5 36. Ng5 Nxa3 37. Re7 1-0

[Event "Deutsche Ländermeisterschaft 2013"]
[Site "Hannover GER"]
[Date "2013.10.06"]
[Round "7"]
[White "Siegl, Melina"]
[Black "Savchenko, Daniel"]
[Result "0-1"]
[Termination "normal"]
[Board "2.6"]
[WhiteTitle "16w"]
[BlackTitle "12"]
[WhiteElo "1784"]
[BlackElo "1751"]
[WhiteTeam "Bayern"]
[BlackTeam "Nordrhein-Westfalen"]
[WhiteFideId "1272126"]
[BlackFideId "12919195"]
[EventCountry "GER"]
[EventRounds "7"]
[EventType "team-swiss"]
[EventDate "2013.10.02"]

1. e4 e5 2. Bc4 Nf6 3. d4 exd4 4. Nf3 Nc6 5. e5 Ng4 6. Bxf7+ Kxf7 7. Ng5+ Ke8
8. Qxg4 Be7 9. Qf5 Rf8 10. Qxh7 Nxe5 11. Ne4 d6 12. Qh5+ g6 13. Qe2 c6 14. Nbd2
Bg4 15. f3 Be6 16. b3 Kd7 17. Bb2 Qb6 18. a4 a5 19. Qf2 c5 20. Qe2 c4 21. Qf2
Nc6 22. c3 Ne5 23. Qxd4 Qxd4 24. cxd4 Nd3+ 25. Ke2 Nxb2 26. Rab1 Nd3 27. bxc4
Nb4 28. d5 Bf5 29. g4 Bxe4 30. Nxe4 Rac8 31. Nd2 Bg5 32. Ne4 Bf4 33. Rb3 Rxc4
34. Nc3 Re8+ 35. Kf2 Rd4 36. Ne4 Rc8 37. Re1 Nd3+ 38. Kf1 Nxe1 39. Rxb7+ Rc7
40. Nf6+ Kd8 41. Rb8+ Rc8 42. Rb7 Rc1 43. Rg7 Nc2+ 0-1

[Event "Deutsche Ländermeisterschaft 2013"]
[Site "Hannover GER"]
[Date "2013.10.06"]
[Round "7"]
[White "Bork, Sophie"]
[Black "Reimann, Sebastian"]
[Result "1-0"]
[Termination "normal"]
[Board "2.7"]
[WhiteTitle "16w"]
[BlackTitle "12"]
[WhiteElo "1536"]
[BlackElo "1670"]
[WhiteTeam "Nordrhein-Westfalen"]
[BlackTeam "Bayern"]
[WhiteFideId "12905429"]
[BlackFideId "12928054"]
[EventCountry "GER"]
[EventRounds "7"]
[EventType "team-swiss"]
[EventDate "2013.10.02"]

1. e4 e5 2. Nf3 Nc6 3. Bc4 Bc5 4. c3 Nf6 5. d3 d6 6. Bb3 h6 7. O-O O-O 8. Re1
Re8 9. h3 a6 10. Nbd2 Ba7 11. Nf1 Be6 12. Ng3 Bxb3 13. axb3 Qd7 14. Nf5 d5 15.
Qe2 dxe4 16. dxe4 Rad8 17. Be3 Bxe3 18. Qxe3 Qe6 19. b4 Qb3 20. Rab1 Rd7 21. g4
Red8 22. g5 Rd3 23. Qe2 hxg5 24. Nxg5 Rd2 25. Qf3 Rxb2 26. Rxb2 Qxb2 27. Qg2
Qd2 28. Nf3 Qxe1+ 29. Nxe1 Ne8 30. h4 Rd1 31. Kf1 Nd8 32. Ke2 Rd7 33. Qg3 f6
34. Qg6 Kf8 35. Ng2 Ne6 36. h5 b6 37. h6 gxh6 38. Qxh6+ Kf7 39. Qh7+ N8g7 40.
Nxg7 Nxg7 41. Ne3 Ke6 42. Qh3+ Ke7 43. Nd5+ Kd6 44. Qh6 Ne6 45. Qxf6 a5 46.
bxa5 bxa5 47. Ne3 Re7 48. Nf5+ {Kd5} 1-0

[Event "Deutsche Ländermeisterschaft 2013"]
[Site "Hannover GER"]
[Date "2013.10.06"]
[Round "7"]
[White "Böse, Carolin"]
[Black "Möller, Lisa-Marie"]
[Result "1/2-1/2"]
[Termination "normal"]
[Board "2.8"]
[WhiteTitle "12w"]
[BlackTitle "12w"]
[WhiteElo "1219"]
[BlackElo "1488"]
[WhiteTeam "Bayern"]
[BlackTeam "Nordrhein-Westfalen"]
[WhiteFideId "12929646"]
[BlackFideId "12959367"]
[EventCountry "GER"]
[EventRounds "7"]
[EventType "team-swiss"]
[EventDate "2013.10.02"]

1. e4 c5 2. Nf3 a6 3. b4 e6 4. bxc5 Bxc5 5. d4 Be7 6. d5 Nf6 7. d6 Bf8 8. e5
Nd5 9. c4 Nb4 10. Qb3 N4c6 11. Be3 Qa5+ 12. Bd2 Qc5 13. Qc3 g6 14. Qe3 Qxe3+
15. fxe3 Bg7 16. Bc3 O-O 17. Bd3 f6 18. exf6 Bxf6 19. Bxf6 Rxf6 20. a4 b6 21.
O-O e5 22. Be4 Rxd6 23. Nxe5 Bb7 24. Bd5+ Kg7 25. Rf7+ Kh6 26. Ng4+ Kg5 27. Bf3
h5 28. Nc3 Re6 29. Nf6 Ne5 30. Nce4+ Kf5 31. Ng3+ Kg5 32. Bxb7 Nxf7 33. Nfe4+
Kh6 34. Bxa8 Nc6 35. Rf1 Nfe5 36. c5 b5 37. axb5 axb5 38. Nc3 b4 39. Nd5 b3 40.
Rb1 Nd3 41. Rxb3 Nxc5 42. Nf4 Re8 43. Bxc6 Nxb3 44. Bxd7 Rxe3 1/2-1/2

[Event "Deutsche Ländermeisterschaft 2013"]
[Site "Hannover GER"]
[Date "2013.10.06"]
[Round "7"]
[White "Kitze, Alexander"]
[Black "Koop, Thorben"]
[Result "0-1"]
[Termination "normal"]
[Board "3.1"]
[WhiteTitle "14"]
[BlackTitle "16"]
[WhiteElo "1951"]
[BlackElo "2223"]
[WhiteTeam "Sachsen-Anhalt"]
[BlackTeam "Niedersachsen 1"]
[WhiteFideId "12914827"]
[BlackFideId "24661619"]
[EventCountry "GER"]
[EventRounds "7"]
[EventType "team-swiss"]
[EventDate "2013.10.02"]

1. e4 d6 2. d4 Nf6 3. Nc3 e5 4. Nf3 exd4 5. Nxd4 Be7 6. Bf4 O-O 7. Qd2 d5 8.
Ndb5 Bb4 9. O-O-O c6 10. Nc7 Nxe4 11. Qe3 Nxc3 12. bxc3 Ba3+ 13. Kb1 Na6 14.
Nxa8 Qa5 15. Qg3 Bf5 16. Bd6 Bxd6 17. Qxd6 Nc5 18. Bd3 Qxc3 19. Qf4 Nxd3 20.
cxd3 Bxd3+ 21. Rxd3 Qxd3+ 22. Kb2 Qe2+ 23. Ka1 Rxa8 0-1

[Event "Deutsche Ländermeisterschaft 2013"]
[Site "Hannover GER"]
[Date "2013.10.06"]
[Round "7"]
[White "Tennert, Simon"]
[Black "Heinemann, Josefine"]
[Result "1-0"]
[Termination "normal"]
[Board "3.2"]
[WhiteTitle "16"]
[BlackTitle "16w"]
[WhiteElo "2163"]
[BlackElo "2003"]
[WhiteTeam "Niedersachsen 1"]
[BlackTeam "Sachsen-Anhalt"]
[WhiteFideId "1270445"]
[BlackFideId "12900460"]
[EventCountry "GER"]
[EventRounds "7"]
[EventType "team-swiss"]
[EventDate "2013.10.02"]

1. e4 c5 2. Nf3 e6 3. d4 cxd4 4. Nxd4 Nc6 5. Nc3 Qc7 6. Be3 a6 7. Qd2 Nf6 8.
O-O-O Be7 9. f3 h5 10. Nxc6 bxc6 11. Na4 c5 12. c4 d6 13. Bf4 e5 14. Bg5 Be6
15. h4 Rb8 16. Nc3 Qa5 17. Qc2 Rb7 18. Bxf6 gxf6 19. Be2 Rg8 20. g4 Bf8 21. Kb1
hxg4 22. fxg4 Bxg4 23. Bxg4 Rxg4 24. h5 Rg3 25. Ka1 Bh6 26. Rxd6 Ke7 27. Rd3
Rxd3 28. Qxd3 Rd7 29. Nd5+ Kf8 30. Qh3 Qd8 31. Rg1 Rd6 32. Qf5 Ke8 33. Rg8+ Bf8
34. Qh7 Qa5 35. Rxf8+ Kd7 36. Qxf7+ 0-1